Vybrané aspekty pracovnej migrácie v Slovenskej republike
Zdynamizovanie procesu pracovnej migrácie v dôsledku reforiem v politickej a pracovnej sfére. Dva základné toky pracovnej migrácie: pracovná emigrácia a imigrácia. Zamestnávanie cudzincov v SR. Kategórie pracovníkov v rámci kvalifikačnej a profesijnej štruktúry cudzineckej pracovnej sily. Veková štr...
Salvato in:
| Autore principale: | |
|---|---|
| Natura: | Capitolo di libro |
| Lingua: | slovacco |
| Soggetti: | |
| Tags: |
Nessun Tag, puoi essere il primo ad aggiungerne!!
|
MARC
| LEADER | 00000naa a2200000 4500 | ||
|---|---|---|---|
| 001 | r021407 | ||
| 005 | 20230807094040.8 | ||
| 041 | 0 | |a slo | |
| 044 | |a SK | ||
| 245 | 1 | 0 | |a Vybrané aspekty pracovnej migrácie v Slovenskej republike |c Zuzana Kostolná |
| 520 | |a Zdynamizovanie procesu pracovnej migrácie v dôsledku reforiem v politickej a pracovnej sfére. Dva základné toky pracovnej migrácie: pracovná emigrácia a imigrácia. Zamestnávanie cudzincov v SR. Kategórie pracovníkov v rámci kvalifikačnej a profesijnej štruktúry cudzineckej pracovnej sily. Veková štruktúra cudzineckej pracovnej sily. | ||
| 610 | 2 | 0 | |a sily pracovné |
| 610 | 2 | 0 | |a pohyb síl pracovných medzinárodný |
| 610 | 2 | 0 | |a kvalifikácia |
| 610 | 2 | 0 | |a štruktúra kvalifikačná |
| 610 | 2 | 0 | |a cudzinci |
| 610 | 2 | 0 | |a Slovensko |
| 100 | 1 | |a Kostolná, Zuzana | |